Statistics for All Lil Dicky Songs

Click here to take the quiz!

General Stats

  • This quiz has been taken 36 times
  • The average score is 14 of 66

Answer Stats

AlbumSong% Correct
Single #2Earth
84%
Professional RapperProfessional Rapper
69%
SingleFreaky Friday
59%
Professional Rapper$ave Dat Money
47%
Professional RapperLemme Freak
44%
Professional RapperPillow Talking
44%
Professional RapperMolly
41%
So HardEx-Boyfriend
34%
Professional RapperBruh...
31%
Professional RapperPersonality
31%
Professional RapperClassic Male Pregame
28%
Professional RapperTruman
28%
Hump DaysLion King
25%
Professional RapperMeet the Burds (Interlude)
25%
Professional RapperOh Well
25%
Hump DaysThe '90s
25%
Professional RapperThe Antagonist
25%
So HardThe Cypher
25%
Professional RapperWork (Paid for That?)
25%
So HardAll K
22%
So HardHam
22%
So HardJewish Flow
22%
Professional RapperLemme Freak for Real Tho (Outro)
22%
So HardToo High
22%
So HardWhite Dude
22%
Professional RapperHannibal Interlude
19%
I'm BrainHow Can U Sleep
19%
So HardStaying In
19%
Professional RapperThe Antagonist II
19%
So HardBeatin' on Ma
16%
I'm BrainCocaine
16%
So HardFamous Dude
16%
So HardHow Can I Become a Bawlaa
16%
Professional RapperParental Advisory (Interlude)
16%
Hump DaysScary Story
16%
So HardSky Hooks
16%
So HardSports
16%
Professional RapperWhite Crime
16%
Hump DaysASAP Dicky
13%
So HardAttached at the Hip
13%
So HardBars
13%
Hump DaysBeef
13%
I'm BrainBrainstorm
13%
So HardClub Night
13%
Hump DaysDarwin
13%
Hump DaysFlames
13%
Hump DaysFree Bread at the Outback
13%
I'm BrainF Slo
13%
So HardGrimy as a Gooch
13%
Hump DaysI'm Right
13%
I'm BrainOn Smash
13%
Professional RapperParents Still Don't Understand (Interlude)
13%
Hump DaysReally Scared
13%
Hump DaysThe Basement
13%
Hump DaysThe Gumption
13%
Hump DaysWe Made It Freestyle
13%
Professional RapperWho Knew
13%
Hump DaysWorkaholics
13%
Hump DaysBack in Business
9%
Hump DaysDeezus
9%
Hump DaysHit Me Up
9%
I'm BrainInterlude
9%
Hump DaysNew Rap
9%
Hump DaysSpontaneity
9%
I'm BrainWhippin' It Up
9%
Hump DaysWould You Believe That
9%

Score Distribution

Percentile by Number Answered

Percent of People with Each Score

Your Score History

You have not taken this quiz